Food balance sheets 1999 - 2001 average = Bilans alimentaires, moyenne 1999 - 2001 = Hojas de balance de alimentos, promedio 1999 - 2001
保存先:
| 団体著者: | |
|---|---|
| フォーマット: | 図書 |
| 言語: | Undetermined |
| 出版事項: |
Rome, Italy
FAO
2003
|
| 主題: | |
| タグ: |
タグ追加
タグなし, このレコードへの初めてのタグを付けませんか!
|
| Thư viện lưu trữ: | Trung tâm Học liệu Trường Đại học Cần Thơ |
|---|
| LEADER | 00583nam a2200193Ia 4500 | ||
|---|---|---|---|
| 001 | CTU_62942 | ||
| 008 | 210402s9999 xx 000 0 und d | ||
| 082 | |a 363.8 | ||
| 082 | |b F686 | ||
| 110 | |a FAO | ||
| 245 | 0 | |a Food balance sheets 1999 - 2001 average = | |
| 245 | 0 | |b Bilans alimentaires, moyenne 1999 - 2001 = Hojas de balance de alimentos, promedio 1999 - 2001 | |
| 245 | 0 | |c FAO | |
| 260 | |a Rome, Italy | ||
| 260 | |b FAO | ||
| 260 | |c 2003 | ||
| 650 | |a Nutrition,Food supply | ||
| 904 | |i Minh (Nguyên sửa) | ||
| 980 | |a Trung tâm Học liệu Trường Đại học Cần Thơ | ||